[Event "Winnipeg op"]
[Site "Winnipeg"]
[Date "2019.07.09"]
[Round "5.3"]
[White "Lafreniere, Adrian"]
[Black "Ubaka, Michael"]
[Result "1-0"]
[WhiteElo "1931"]
[BlackElo "1815"]
[PlyCount "42"]
[EventDate "2019.06.04"]
[EventType "swiss"]
[EventRounds "8"]
[EventCountry "CAN"]
[SourceTitle "EXT 2023"]
[Source "ChessBase"]
[SourceDate "2022.10.05"]
[SourceVersion "1"]
[SourceVersionDate "2022.10.05"]
[SourceQuality "1"]

1. e4 e5 2. b3 d6 3. Bb2 Nf6 4. Nc3 Be6 5. Nf3 h6 6. d3 Bg4 7. Be2 Bh5 8. h3 c6 9. Qd2 Qb6 10. Na4 Qc7 11. Nh4 Be7 12. Nf5 Rg8 13. Nxe7 Qxe7 14. Ba3 Nbd7 15. Rf1 c5 16. Nc3 a6 17. Bxh5 Nxh5 18. Nd5 Qd8 19. 0-0-0 Nb6 20. Rde1 Nxd5 21. exd5 Nf4 1-0

[Event "Winnipeg op"]
[Site "Winnipeg"]
[Date "2019.06.11"]
[Round "2.4"]
[White "Ubaka, Michael"]
[Black "Konara, Harshani"]
[Result "1-0"]
[WhiteElo "1815"]
[BlackElo "2020"]
[PlyCount "67"]
[EventDate "2019.06.04"]
[EventType "swiss"]
[EventRounds "8"]
[EventCountry "CAN"]
[SourceTitle "EXT 2023"]
[Source "ChessBase"]
[SourceDate "2022.10.05"]
[SourceVersion "1"]
[SourceVersionDate "2022.10.05"]
[SourceQuality "1"]

1. d4 Nf6 2. h3 g6 3. Bf4 d6 4. Nf3 Bg7 5. e3 Nbd7 6. Bh2 0-0 7. Bd3 Re8 8. 0-0 e5 9. dxe5 Nxe5 10. c3 Nxd3 11. Qxd3 Bf5 12. Qc4 Ne4 13. Re1 Nc5 14. Na3 Bd3 15. Qf4 Bf5 16. Red1 Nd3 17. Qg3 Nxb2 18. Rdc1 Nd3 19. Rc2 Nc5 20. Rcc1 Ne4 21. Qh4 Bf6 22. Qh6 Ng5 23. Bf4 Nxf3+ 24. gxf3 Qd7 25. Kh2 Qa4 26. Nb1 Qb5 27. e4 Qb2 28. Nd2 Bd7 29. Kg2 d5 30. Bxc7 Bxc3 31. Bf4 Bxd2 32. Bxd2 dxe4 33. Bc3 exf3+ 34. Kg3 1-0

[Event "Winnipeg op"]
[Site "Winnipeg"]
[Date "2019.06.04"]
[Round "1.12"]
[White "Jenkins, Mark"]
[Black "Ubaka, Michael"]
[Result "0-1"]
[WhiteElo "1438"]
[BlackElo "1815"]
[PlyCount "101"]
[EventDate "2019.06.04"]
[EventType "swiss"]
[EventRounds "8"]
[EventCountry "CAN"]
[SourceTitle "EXT 2023"]
[Source "ChessBase"]
[SourceDate "2022.10.05"]
[SourceVersion "1"]
[SourceVersionDate "2022.10.05"]
[SourceQuality "1"]

1. d4 d5 2. c4 Nf6 3. Nc3 e6 4. e3 b6 5. Bd3 Ba6 6. cxd5 Bxd3 7. Qxd3 exd5 8. Nge2 Be7 9. 0-0 0-0 10. Bd2 c5 11. Rfe1 c4 12. Qf5 Qd7 13. Qf3 Bb4 14. Rac1 Ne4 15. Ng3 Nxd2 16. Qxd5 Bxc3 17. Qxd7 Nxd7 18. Rxc3 Rfe8 19. f3 b5 20. Rc2 Nxf3+ 21. gxf3 Re7 22. Nf5 Re6 23. e4 g6 24. Ne3 Nf6 25. Kf2 Nh5 26. Nd5 Rd8 27. Nc7 Rb6 28. Nd5 Rbd6 29. Rd1 Kg7 30. Ke3 a5 31. b3 cxb3 32. axb3 R6d7 33. Ra1 Ra7 34. Rc7 Rda8 35. Re7 Rxe7 36. Nxe7 a4 37. b4 Nf6 38. d5 Re8 39. Nc6 Nxd5+ 40. Kd4 Nc7 41. Kc5 Rc8 42. Ra3 h5 43. Rd3 Kf6 44. Na7 Rb8 45. Nc6 Rb7 46. Nd8 Ra7 47. Nc6 Ra6 48. h4 a3 49. Rd6+ Kg7 50. Rd1 a2 51. Ra1 0-1